Загрузка...
Integrated Marketing Communication A Strategic Approach
| Главный автор: | |
|---|---|
| Формат: | Printed Book |
| Язык: | Undetermined English |
| Опубликовано: |
New Delhi
Cengage Learning
2008
|
| Редактирование: | 1st |
| Предметы: |
| LEADER | 00641nam a2200193Ia 4500 | ||
|---|---|---|---|
| 008 | 140306s9999 xx 000 0 und d | ||
| 020 | |a 9788131506547 | ||
| 041 | |a eng | ||
| 082 | |a 380.1 |b SIR/IN | ||
| 100 | |a Rahtz, Sirgy | ||
| 245 | |a Integrated Marketing Communication A Strategic Approach | ||
| 250 | |a 1st | ||
| 260 | |a New Delhi |b Cengage Learning |c 2008 | ||
| 300 | |a 362 | ||
| 365 | |b Rs.325/- | ||
| 650 | |a Definition of Integrated Marketing Communication | ||
| 942 | |2 ddc |c BK | ||
| 999 | |c 188274 |d 188274 | ||
| 952 | |0 0 |1 0 |2 ddc |4 0 |6 380_100000000000000_SIR_IN |7 0 |9 194418 |a KAUCBV |b KAUCBV |d 2013-07-12 |g 325.00 |o 380.1 SIR/IN |r 2014-03-22 |w 2014-03-22 |y BK | ||